000 00465nam a2200181Ia 4500
001 14193
005 20260306164856.0
008 260306t2017||||xx |||||||||||||| ||spa||
041 _aESP
082 _a510
_bT19
100 _aTan, Soo T.
_eAUT
245 0 _aMatemáticas aplicadas a los negocios, las ciencias sociales y de la vida
260 _c2017
300 _axix, 721 páginas :
_c27 cm.
650 _aGEN
654 _aCMA
942 _cLIB
_dJUS
_fJUS
_2ddc
_n
999 _c14193
_d14193